Southville International School and Colleges
Your cart is empty.
  • Cart
  • Lists
    Public lists Eva Luna New books Lux_list list_1
    Your lists Log in to create your own lists
  • Log in to your account
  • Your cookies
  • Search history
Southville International School and Colleges
  • Advanced search
  • Recent comments
  • Most popular
  • Libraries

Log in to your account

Log in with GOOGLE


If you do not have an external account, but do have a local account, you can still log in:

  1. Home
  2. MARC view: Relational database :
Normal view MARC view ISBD view

Relational database : (Record no. 19730)

[ view plain ]
MARC details
000 -LEADER
fixed length control field 00552nam a2200193 a 4500
005 - DATE AND TIME OF LATEST TRANSACTION
control field 20140310183155.0
008 - FIXED-LENGTH DATA ELEMENTS--GENERAL INFORMATION
fixed length control field 970101s19uu xx 00 eng d
020 ## - INTERNATIONAL STANDARD BOOK NUMBER
International Standard Book Number 0394393333
020 ## - INTERNATIONAL STANDARD BOOK NUMBER
International Standard Book Number 0394393759
050 ## - LIBRARY OF CONGRESS CALL NUMBER
Classification number QA 76.9.D3
Item number .P945 1988
100 ## - MAIN ENTRY--PERSONAL NAME
Personal name Price, Wilson
245 ## - TITLE STATEMENT
Title Relational database :
Remainder of title using d Base III plus /
Statement of responsibility, etc Wilson Price.
260 ## - PUBLICATION, DISTRIBUTION, ETC. (IMPRINT)
Place of publication, distribution, etc Santa Cruz, CA :
Name of publisher, distributor, etc Mitchell Pub.,
Date of publication, distribution, etc 1988.
300 ## - PHYSICAL DESCRIPTION
Extent Xii, 356 p. :
Other physical details ill. ;
Dimensions 28 cm.
521 ## - TARGET AUDIENCE NOTE
Target audience note
650 ## - SUBJECT ADDED ENTRY--TOPICAL TERM
Topical term or geographic name as entry element dBase ( Computer program)
942 ## - ADDED ENTRY ELEMENTS (KOHA)
Koha item type Books
Source of classification or shelving scheme Library of Congress Classification
Call number prefix Foreign
Holdings
Withdrawn status Lost status Source of classification or shelving scheme Damaged status Home library Current library Shelving location Date acquired Source of acquisition Total Checkouts Full call number Barcode Date last seen Copy number Price effective from Koha item type
    Library of Congress Classification   Archives Archives   04/25/2003 Donation   QA 76.9.D3 .P945 1988 C1089 05/15/2018 1 10/10/2013 Books

Relational database :

APA

Price W., . (1988). Relational database. Santa Cruz, CA: Mitchell Pub.

Chicago

Price Wilson, . 1988. Relational database. Santa Cruz, CA: Mitchell Pub.

Harvard

Price W., . (1988). Relational database. Santa Cruz, CA: Mitchell Pub.

MLA

Price Wilson, . Relational database. Santa Cruz, CA: Mitchell Pub. 1988.

  • Place hold
  • Print
  • Cite
  • Add to your cart (remove)
  • Save record
    BIBTEX Dublin Core MARCXML MARC (non-Unicode/MARC-8) MARC (Unicode/UTF-8) MARC (Unicode/UTF-8, Standard) MODS (XML) RIS
  • More searches
    Search for this title in:
    Other Libraries (WorldCat) Other Databases (Google Scholar) Online Stores (Bookfinder.com) Open Library (openlibrary.org)

Exporting to Dublin Core...

SOUTHVILLE LIBRARY

Southville International School and Colleges Library

1281 Tropical Ave. Cor. Luxembourg St., BF Homes International, Las Pinas City

Tel. No. 8256374 / 252358 Loc. 117/146

Powered by Koha